| 000 | 00470nam a2200157 i 4500 | ||
|---|---|---|---|
| 001 | 75472 | ||
| 003 | ES-MaACL | ||
| 005 | 20230906172451.0 | ||
| 007 | t| | ||
| 008 | 040924s1928 sp ||||1| spa d | ||
| 100 | 1 |
_aGrandía Soler, Mariano. _959603 |
|
| 245 | 1 | 0 |
_aGramática latina histórica comparada / _cpor Mariano Grandía Soler. |
| 260 |
_aCórdoba : _b[s.n., _c1928] ( _fImprenta y Papelería Moderna) |
||
| 300 |
_a1 v. ; _c21 cm. |
||
| 852 |
_aES-MaACL _jB-13430 |
||
| 999 |
_c75472 _d75472 |
||